Kaáli Nagy Géza professzor Csongrád díszpolgára lett, a pénzdíjat hasznos célokra ajánlotta fel

Elmentve itt :
Bibliográfiai részletek
Szerző: Tímár Kriszta
További közreműködők: Hajdu Anikó
Dokumentumtípus: Cikk
Megjelent: 2025-10-24
Sorozat:Delmagyar.hu
Kulcsszavak:Kitüntetés, Volt egyetemi hallgató - Kaáli Nagy Géza - szülész-nőgyógyász - Csongrád díszpolgára, Szegedi Orvostudományi Egyetem - SZOTE, Kutatás - asszisztált reprodukció, Kaáli Intézet, Művelődési Központ és Városi Galéria - Csongrád
Online Access:http://univ.bibl.u-szeged.hu/75855
LEADER 01011nab a2200181 i 4500
001 univ75855
005 20251028091547.0
008 251028s2025 hu o 000 hun d
040 |a SZTE UnivHistória Repozitórium  |b hun 
041 |a hun 
100 1 |a Tímár Kriszta 
245 1 0 |a Kaáli Nagy Géza professzor Csongrád díszpolgára lett, a pénzdíjat hasznos célokra ajánlotta fel  |h [elektronikus dokumentum] /  |c  Tímár Kriszta 
260 |c 2025-10-24 
490 0 |a Delmagyar.hu 
561 |a Egyetemi hirarchívum 
695 |a Kitüntetés, Volt egyetemi hallgató - Kaáli Nagy Géza - szülész-nőgyógyász - Csongrád díszpolgára, Szegedi Orvostudományi Egyetem - SZOTE, Kutatás - asszisztált reprodukció, Kaáli Intézet, Művelődési Központ és Városi Galéria - Csongrád 
700 0 1 |a Hajdu Anikó 
856 4 0 |u http://univ.bibl.u-szeged.hu/75855/1/Ka%C3%A1li%20professzor%20%C3%BAjabb%20kit%C3%BCntet%C3%A9st%20kapott%2C%20p%C3%A9nzd%C3%ADj%C3%A1t%20Csongr%C3%A1dnak%20adta.pdf  |z Dokumentum-elérés